[Event "Barcelona Christmas Amateur 1st"]
[Site "Barcelona"]
[Date "2020.01.04"]
[Round "8.2"]
[White "Ani, Virgil"]
[Black "Anjali, R Sagar"]
[Result "0-1"]
[WhiteElo "1515"]
[BlackElo "1694"]
[PlyCount "160"]
[EventDate "2019.12.27"]
[EventType "tourn"]
[EventRounds "9"]
[EventCountry "ESP"]
[SourceTitle "EXT 2024"]
[Source "ChessBase"]
[SourceDate "2023.10.10"]
[SourceVersion "1"]
[SourceVersionDate "2023.10.10"]
[SourceQuality "1"]

1. e4 e5 2. a3 Bc5 3. Nf3 Nc6 4. b4 Bb6 5. Bc4 d6 6. d3 Bg4 7. Bb2 Nf6 8. h3 Bh5 9. 0-0 Qd7 10. Nbd2 0-0 11. Qe1 Rfe8 12. Bb5 Qe7 13. Bxc6 bxc6 14. Kh1 Bg6 15. Nc4 c5 16. b5 a5 17. a4 Nh5 18. Bc1 Nf4 19. Bxf4 exf4 20. Qd2 Qf6 21. Ng1 Bh5 22. f3 g5 23. Rae1 Bg6 24. Ne2 h5 25. Nc3 h4 26. Nd5 Qd8 27. Qc3 Re6 28. Qd2 f6 29. Qc3 Bf7 30. Re2 f5 31. Rfe1 fxe4 32. Rxe4 Rxe4 33. Rxe4 Bxd5 34. Re2 Bxc4 35. Qxc4+ d5 36. Qc3 c4 37. dxc4 Be3 38. Re1 d4 39. Qd3 Qf6 40. c5 Kg7 41. Qe4 Rd8 42. Qb7 Qf7 43. Qe4 Re8 44. Qc6 Re6 45. Qd5 Re7 46. Qxg5+ Kf8 47. Qxh4 Qg7 48. Qh5 Re5 49. Qh4 Rg5 50. Re2 d3 51. cxd3 Qa1+ 52. Re1 Qc3 53. Qh6+ Qg7 54. Qxg7+ Kxg7 55. d4 Rd5 56. Rd1 Kf6 57. Rd3 Ke6 58. g4 Rd8 59. h4 Kd5 60. h5 Kc4 61. Rd1 Bxd4 62. b6 cxb6 63. cxb6 Rb8 64. Rb1 Bc3 65. Rb5 Kd3 66. Kg2 Ke3 67. Rb3 Kd4 68. Kh3 Bb4 69. g5 Rxb6 70. Kg4 Ke5 71. Rb1 Rc6 72. h6 Rc2 73. Rh1 Rg2+ 74. Kh5 Kf5 75. h7 Rxg5+ 76. Kh4 Bc3 77. Rb1 Rg2 78. Rh1 Kg6 79. Kh3 Rg5 80. Kh4 Bf6 0-1

[Event "Wch Seniors 65 29th"]
[Site "Bucharest"]
[Date "2019.11.18"]
[Round "6"]
[White "Ionita, Gheorghe"]
[Black "Ani, Virgil"]
[Result "0-1"]
[WhiteElo "1360"]
[BlackElo "1497"]
[PlyCount "75"]
[EventDate "2019.11.12"]
[EventType "swiss"]
[EventRounds "11"]
[EventCountry "ROU"]
[SourceTitle "CBM 193 Extra"]
[Source "ChessBase"]
[SourceDate "2020.01.31"]
[SourceVersion "1"]
[SourceVersionDate "2020.01.31"]
[SourceQuality "1"]

1. e4 d5 2. exd5 Qxd5 3. Nc3 Qa5 4. d4 Nf6 5. Bd2 Qb6 6. Nf3 c6 7. Bc4 Bg4 8. Na4 Qd8 9. c3 b5 10. Bxf7+ Kxf7 11. Ne5+ Kg8 12. Nxg4 bxa4 13. Ne5 Qd5 14. 0-0 Nbd7 15. Nf3 Qb5 16. Qc2 Rb8 17. Rab1 c5 18. c4 Qb7 19. Qf5 Qe4 20. Qh3 Qg4 21. Qxg4 Nxg4 22. Rfe1 cxd4 23. Nxd4 Rc8 24. Rbc1 Nge5 25. c5 Nd3 26. c6 Nf6 27. Nb5 Nxe1 28. Bxe1 a6 29. Na7 Rc7 30. Ba5 Rxa7 31. c7 Rxc7 32. Rxc7 Nd5 33. Ra7 h5 34. Rxa6 Rh6 35. Ra8 Re6 36. Bd2 Re2 37. Bc3 Nxc3 38. bxc3 0-1

[Event "Barcelona Navidad Amateurs 2nd"]
[Site "Barcelona"]
[Date "2019.01.03"]
[Round "7.4"]
[White "Ani, Virgil"]
[Black "Costa Trave, Jaume"]
[Result "0-1"]
[WhiteElo "1728"]
[BlackElo "2019"]
[PlyCount "80"]
[EventDate "2018.12.27"]
[EventType "swiss"]
[EventRounds "9"]
[EventCountry "ESP"]
[SourceTitle "EXT 2024"]
[Source "ChessBase"]
[SourceDate "2023.10.10"]
[SourceVersion "1"]
[SourceVersionDate "2023.10.10"]
[SourceQuality "1"]

1. b3 d5 2. Nf3 c5 3. Bb2 Nc6 4. g3 f6 5. Bg2 e5 6. 0-0 Bd6 7. d3 Nge7 8. Nbd2 Be6 9. c4 d4 10. Ne4 0-0 11. Ba3 b6 12. Nxd6 Qxd6 13. Nd2 f5 14. f3 a5 15. Bb2 Ra7 16. a4 Nb4 17. Nb1 g5 18. Na3 Bd7 19. Bc1 f4 20. g4 Ng6 21. Bd2 Bc6 22. Nb5 Bxb5 23. axb5 h6 24. Bxb4 cxb4 25. Rc1 Rc8 26. Kf2 Nf8 27. h4 Rh7 28. Rh1 Rcc7 29. h5 Ne6 30. Ra1 Nc5 31. Qc2 Ra7 32. Ra2 a4 33. Rb1 axb3 34. Rxb3 Nxb3 35. Rxa7 Rxa7 36. Qxb3 Kf8 37. Qb2 Ra3 38. Kg1 b3 39. Qd2 Ra2 40. Qe1 b2 0-1

[Event "Barcelona Sant Marti op-B 17th"]
[Site "Barcelona"]
[Date "2015.07.13"]
[Round "1"]
[White "Ani, Virgil"]
[Black "Julia Yebra, David"]
[Result "0-1"]
[WhiteElo "1826"]
[BlackElo "2002"]
[PlyCount "124"]
[EventDate "2015.07.13"]
[EventType "swiss"]
[EventRounds "9"]
[EventCountry "ESP"]
[SourceTitle "EXT 2016"]
[Source "ChessBase"]
[SourceDate "2015.10.08"]
[SourceVersion "1"]
[SourceVersionDate "2015.10.08"]
[SourceQuality "1"]

1. c4 d6 2. Nc3 Nf6 3. g3 c6 4. Bg2 e5 5. Nf3 Bg4 6. d3 Be7 7. 0-0 0-0 8. Re1 Nbd7 9. Qc2 Qc7 10. e4 Rac8 11. Be3 d5 12. exd5 cxd5 13. Nb5 Qa5 14. Bd2 Bb4 15. Bxb4 Qxb4 16. Qd2 Qc5 17. b4 Qb6 18. a4 dxc4 19. dxc4 a6 20. c5 Nxc5 21. Nd6 Rcd8 22. bxc5 Qxc5 23. Nxb7 Rxd2 24. Nxc5 Rc2 25. Rac1 Ra2 26. Rxe5 Bc8 27. Bf1 a5 28. Bb5 Bg4 29. Bc4 Ra3 30. Nd4 Bh3 31. Re3 Rxe3 32. fxe3 Ng4 33. e4 Ne5 34. Nd3 Nxd3 35. Bxd3 Rd8 36. Rc4 Bc8 37. Nc6 Rxd3 38. Ne7+ Kf8 39. Nxc8 Rd1+ 40. Kg2 Rd2+ 41. Kf3 Rxh2 42. Rc5 Rd2 43. Rxa5 Rd3+ 44. Kg2 Rd2+ 45. Kh3 f6 46. Rd5 Rc2 47. Nb6 g5 48. a5 h5 49. g4 Rc3+ 50. Kg2 Rc2+ 51. Kf3 Rc3+ 52. Ke2 h4 53. a6 Ra3 54. Nd7+ Ke7 55. Nc5 Ra2+ 56. Rd2 Ra5 57. Rd7+ Ke8 58. a7 Ra2+ 59. Kf3 Ra3+ 60. Ke2 Ra2+ 61. Ke3 Ra3+ 62. Nd3 Kxd7 0-1

[Event "Barcelona Sant Marti op-B 4th"]
[Site "Barcelona"]
[Date "2015.01.15"]
[Round "1"]
[White "Ani, Virgil"]
[Black "Pla Carulla, Joaquim"]
[Result "0-1"]
[WhiteElo "1806"]
[BlackElo "1950"]
[PlyCount "58"]
[EventDate "2015.01.15"]
[EventType "swiss"]
[EventRounds "9"]
[EventCountry "ESP"]
[SourceTitle "EXT 2016"]
[Source "ChessBase"]
[SourceDate "2015.10.08"]
[SourceVersion "1"]
[SourceVersionDate "2015.10.08"]
[SourceQuality "1"]

1. c4 e5 2. Nc3 b6 3. Nf3 d6 4. d4 exd4 5. Nxd4 Bb7 6. Bf4 Nd7 7. e3 Ne7 8. Qc2 g6 9. Ncb5 Nc5 10. f3 a6 11. Nc3 Bg7 12. 0-0-0 0-0 13. Bg5 Qe8 14. Bxe7 Qxe7 15. e4 f5 16. Kb1 fxe4 17. Nd5 Bxd5 18. cxd5 Bxd4 19. Rxd4 exf3 20. b4 Qe3 21. Rc4 b5 22. Rc3 Qe1+ 23. Qc1 Qe4+ 24. Qc2 Qxb4+ 25. Kc1 Rae8 26. Bd3 f2 27. Rd1 Nxd3+ 28. Qxd3 Re1 29. Qg3 Rxd1+ 0-1

[Event "Llobregat op 1st"]
[Site "Llobregat"]
[Date "2008.01.04"]
[Round "8"]
[White "Ani, Virgil"]
[Black "Domingo Garcia, Jordi"]
[Result "0-1"]
[WhiteElo "1794"]
[BlackElo "2223"]
[PlyCount "108"]
[EventDate "2007.12.26"]
[EventType "swiss"]
[EventRounds "9"]
[EventCountry "ESP"]
[SourceTitle "CBM 122 Extra"]
[Source "ChessBase"]
[SourceDate "2008.03.04"]
[SourceVersion "1"]
[SourceVersionDate "2008.03.04"]
[SourceQuality "1"]

1. d4 d5 2. e3 Bf5 3. Bd3 Bg6 4. Nf3 e6 5. 0-0 Bd6 6. Nc3 a6 7. Ne2 Nd7 8. Ng3 Ngf6 9. c4 Bxd3 10. Qxd3 dxc4 11. Qxc4 c5 12. Bd2 0-0 13. dxc5 Bxc5 14. Rfd1 Rc8 15. Qb3 Qb6 16. Qxb6 Bxb6 17. Bc3 Rc7 18. Bxf6 Nxf6 19. Ne5 Rfc8 20. b3 h6 21. Nc4 Bc5 22. h3 b5 23. Nd6 Bxd6 24. Rxd6 Rc6 25. Rad1 Kf8 26. e4 Ke7 27. R6d2 Rc2 28. f3 Rxd2 29. Rxd2 a5 30. Kf2 Rc1 31. Ne2 Ra1 32. Nd4 a4 33. bxa4 bxa4 34. Nc6+ Kf8 35. Rd8+ Ne8 36. Rd2 a3 37. e5 Rb1 38. f4 Rb2 39. Ke3 Nc7 40. g3 Nd5+ 41. Kd3 Rb1 42. Kc2 Rh1 43. h4 g6 44. Kb3 Rh3 45. Kxa3 Rxg3+ 46. Ka4 Rg4 47. Ka5 Rxh4 48. Rd4 Rxf4 49. Rxf4 Nxf4 50. Kb5 Nd5 51. a3 h5 52. Kc5 h4 53. a4 h3 54. a5 h2 0-1